[Event "Mumbai Mayors Cup 1st"]
[Site "Mumbai"]
[Date "2008.05.18"]
[Round "10"]
[White "Nargundkar, Aditya"]
[Black "Shrestha, Keshav"]
[Result "0-1"]
[WhiteElo "1882"]
[BlackElo "2154"]
[PlyCount "80"]
[EventDate "2008.05.11"]
[EventType "swiss"]
[EventRounds "11"]
[EventCountry "IND"]
[SourceTitle "CBM 124 Extra"]
[Source "ChessBase"]
[SourceDate "2008.07.03"]
[SourceVersion "1"]
[SourceVersionDate "2008.07.03"]
[SourceQuality "1"]

1. d4 Nf6 2. c4 e5 3. dxe5 Ng4 4. e4 Nxe5 5. f4 Ng6 6. Nf3 Nc6 7. Nc3 Bc5 8. Bd3 d6 9. Qe2 Bg4 10. Be3 Nd4 11. Bxd4 Bxd4 12. g3 Bxc3+ 13. bxc3 0-0 14. 0-0 Re8 15. Qd2 Bxf3 16. Rxf3 Nf8 17. Rd1 Qf6 18. g4 Ne6 19. Rdf1 Nc5 20. g5 Qe6 21. f5 Qe5 22. Re1 Nxd3 23. Rxd3 b6 24. Rd5 Qe7 25. Qf4 f6 26. h4 Qf7 27. Qg4 Kh8 28. Re3 Rad8 29. g6 Qg8 30. gxh7 Qxh7 31. Rdd3 Re5 32. h5 Rde8 33. Kf2 Qh6 34. Rd4 Ra5 35. Rd2 Ra4 36. Qe2 Qf4+ 37. Kg2 b5 38. cxb5 Raxe4 39. Rxe4 Rxe4 40. Qf2 Qg5+ 0-1

[Event "Mumbai Mayors Cup 1st"]
[Site "Mumbai"]
[Date "2008.05.12"]
[Round "2"]
[White "Nargundkar, Aditya"]
[Black "Boricha, Ketan"]
[Result "1/2-1/2"]
[WhiteElo "1882"]
[BlackElo "2211"]
[PlyCount "61"]
[EventDate "2008.05.11"]
[EventType "swiss"]
[EventRounds "11"]
[EventCountry "IND"]
[SourceTitle "CBM 124 Extra"]
[Source "ChessBase"]
[SourceDate "2008.07.03"]
[SourceVersion "1"]
[SourceVersionDate "2008.07.03"]
[SourceQuality "1"]

1. d4 Nf6 2. Nf3 e6 3. c4 b6 4. Nc3 Bb7 5. g3 Bxf3 6. exf3 d5 7. Bd3 Be7 8. cxd5 exd5 9. 0-0 0-0 10. f4 c5 11. dxc5 bxc5 12. Qf3 Nc6 13. Ne2 Qc8 14. Bd2 c4 15. Bc2 Rd8 16. Rfd1 Bc5 17. b3 Qh3 18. Qg2 Qh5 19. Be3 Qxe2 20. Rd2 Qh5 21. Bxc5 c3 22. Rdd1 Rac8 23. Bd4 Nb4 24. Rdc1 Qe2 25. f3 Qe6 26. Re1 Qd7 27. a3 Nxc2 28. Qxc2 Ne8 29. Re3 Nd6 30. Rxc3 Rxc3 31. Qxc3 1/2-1/2